La aventura de innovar: el cambio en la escuela

Gorde:
Xehetasun bibliografikoak
Egile nagusia: Carbonell Sebarroja, Jaume (Egilea)
Formatua: Liburua
Hizkuntza:gaztelania
Argitaratua: Madrid Morata 2001
Edizioa:1a. ed
Saila:Colección Pedagogía. Razones y Propuestas Educativas, 7
Gaiak:
Etiketak: Etiketa erantsi
Etiketarik gabe, Izan zaitez lehena erregistro honi etiketa jartzen!

MARC

LEADER 00000nam a2200000 a 4500
001 UCK1736
003 CL-VaPUC
008 041126e20010000SP |||||||||||||||||spa|d
020 |a 8471124637 
082 0 4 |a 371  |b CAR  |2 21 
100 0 |a Carbonell Sebarroja, Jaume  |e author  |9 489582 
245 1 3 |a La aventura de innovar: el cambio en la escuela 
250 |a 1a. ed 
300 |a 127 p 
942 |c BK 
945 |d 20041126 00:00:00  |a vberengu 
260 |a Madrid  |b Morata  |c 2001 
500 |a Innovar en los tiempos presentes es una auténtica aventura, un apasionante viaje plagado de dificultades, paradojas y contradicciones, pero también de posibilidades y satisfacciones. La innovación está asociada al cambio - de los centros y del profesorado - pero no necesariamente a los procesos de reforma. Ésta es una de las tesis del libro. Otra de las tesis es que las innovaciones más sólidas y profundas encuentran sus puntos de referencia en el pensamiento y en la práctica de las pedagogías progresistas, muy críticas tanto con el modelo de pedagogía tradicional como con las pedagogías activas psicologistas y espontaneístas. Éste es el paraguas que cobija los distintos capítulos del libro. Por último el autor nos ofrece un "Decálogo utópico para el profesorado innovador y para Administraciones renovadas".#DIS 
650 0 |a Diseño curricular  |9 378490 
650 0 |a Innovaciones pedagógicas  |9 307471 
583 |a last modification  |c 20160907 01:26:16  |k Rodrigo Vera 
490 0 |a Colección Pedagogía. Razones y Propuestas Educativas, 7 
999 |c 311550  |d 311548 
952 |0 0  |1 0  |4 0  |6 371_000000000000000_CAR_2001  |7 0  |8 A  |9 381001  |a BIBEDU  |b BIBEDU  |d 2019-11-21  |i 4081935  |o 371 CAR 2001  |p 4081935  |r 2019-11-21  |w 2019-11-21  |y BK  |k EBA 
952 |0 0  |1 0  |4 0  |6 371_000000000000000_CAR_2001  |7 0  |8 A  |9 381002  |a BIBEDU  |b BIBEDU  |d 2019-11-21  |i 4716426  |o 371 CAR 2001  |p 4716426  |r 2019-11-21  |w 2019-11-21  |y BK  |k PAR 
952 |0 0  |1 0  |4 0  |6 371_000000000000000_CAR_2001  |7 0  |8 A  |9 381003  |a BIBEDU  |b BIBEDU  |d 2019-11-21  |i 4716434  |o 371 CAR 2001  |p 4716434  |r 2019-11-21  |w 2019-11-21  |y BK  |k PAR 
952 |0 0  |1 0  |4 0  |6 371_000000000000000_CAR_2001  |7 0  |8 A  |9 381004  |a BIBEDU  |b BIBEDU  |d 2019-11-21  |i 4716442  |o 371 CAR 2001  |p 4716442  |r 2019-11-21  |w 2019-11-21  |y BK  |k PAR